ARRUPE JESUIT UNIVERSITY

CORONAVIRUS -STOP THE SPREAD - CLEAN,DISINFECT,COVER

The daughters of George III. (Record no. 130314)

MARC details
000 -LEADER
fixed length control field 01438cam a22003251 4500
001 - CONTROL NUMBER
control field 2636135
003 - CONTROL NUMBER IDENTIFIER
control field ARRUPE
005 - DATE AND TIME OF LATEST TRANSACTION
control field 20200206094735.0
008 - FIXED-LENGTH DATA ELEMENTS--GENERAL INFORMATION
fixed length control field 780321s1939 enk 000 0deng
010 ## - LIBRARY OF CONGRESS CONTROL NUMBER
LC control number 40007297
040 ## - CATALOGING SOURCE
Original cataloging agency DLC
Transcribing agency CtY
Modifying agency DLC
050 00 - LIBRARY OF CONGRESS CALL NUMBER
Classification number DA506.A1
Item number S8 1939a
082 00 - DEWEY DECIMAL CLASSIFICATION NUMBER
Classification number 920.7
300 ## - PHYSICAL DESCRIPTION
Other physical details front., plates, ports.
Dimensions 23 cm.
100 1# - MAIN ENTRY--PERSONAL NAME
Personal name Stuart, Dorothy Margaret.
9 (RLIN) 48985
245 14 - TITLE STATEMENT
Title The daughters of George III.
Statement of responsibility, etc Dorothy Margaret Stuart
260 ## - PUBLICATION, DISTRIBUTION, ETC. (IMPRINT)
Place of publication, distribution, etc London,
Name of publisher, distributor, etc Macmillan & co., ltd.,
Date of publication, distribution, etc 1939.
300 ## - PHYSICAL DESCRIPTION
Extent xi, 414, [1] p. incl. geneal. tab.
500 ## - GENERAL NOTE
General note "First edition, September 1939. Reprinted, October 1939."
504 ## - BIBLIOGRAPHY, ETC. NOTE
Bibliography, etc Bibliography: p. 389-394.
600 00 - SUBJECT ADDED ENTRY--PERSONAL NAME
Personal name Charlotte,
Titles and other words associated with a name Queen, Consort of Frederick I, King of Württemberg,
Dates associated with a name 1766-1828
9 (RLIN) 49399
600 00 - SUBJECT ADDED ENTRY--PERSONAL NAME
Personal name Augusta Sophia,
Titles and other words associated with a name Princess, daughter of George III, King of Great Britain,
Dates associated with a name 1768-1840.
9 (RLIN) 49400
600 00 - SUBJECT ADDED ENTRY--PERSONAL NAME
Personal name Elizabeth,
Titles and other words associated with a name Princess of England,
Dates associated with a name 1770-1840.
9 (RLIN) 49401
600 00 - SUBJECT ADDED ENTRY--PERSONAL NAME
Personal name Mary,
Titles and other words associated with a name Duchess of Gloucester,
Dates associated with a name 1776-1857.
9 (RLIN) 49402
600 00 - SUBJECT ADDED ENTRY--PERSONAL NAME
Personal name Sophia,
Titles and other words associated with a name Princess, daughter of George III, King of Great Britain,
Dates associated with a name 1777-1848.
9 (RLIN) 49403
600 00 - SUBJECT ADDED ENTRY--PERSONAL NAME
Personal name Amelia,
Titles and other words associated with a name Princess, daughter of George III, King of Great Britain,
Dates associated with a name 1783-1810.
9 (RLIN) 49404
600 00 - SUBJECT ADDED ENTRY--PERSONAL NAME
Personal name George
Numeration III,
Titles and other words associated with a name King of Great Britain,
Dates associated with a name 1738-1820
General subdivision Family.
9 (RLIN) 49405
650 #0 - SUBJECT ADDED ENTRY--TOPICAL TERM
Topical term or geographic name as entry element Princesses
Geographic subdivision Great Britain
General subdivision Biography.
9 (RLIN) 6216
906 ## - LOCAL DATA ELEMENT F, LDF (RLIN)
a 7
b cbc
c orignew
d u
e ocip
f 19
g y-gencatlg
942 ## - ADDED ENTRY ELEMENTS (KOHA)
Source of classification or shelving scheme Library of Congress Classification
Koha item type Monograph ( Printed materials)
Holdings
Withdrawn status Lost status Source of classification or shelving scheme Damaged status Not for loan Collection code Home library Current library Shelving location Date acquired Total Checkouts Full call number Barcode Date last seen Price effective from Koha item type
    Library of Congress Classification     Main Collection ARRUPE LIBRARY ARRUPE LIBRARY Main Collection 06/02/2020   DA506.A1 S8 1939a 46600006523 06/02/2020 06/02/2020 Monograph ( Printed materials)

 

Arrupe Library. PO Box MP320 Mt Pleasant, Harare, Zimbabwe
263 242 745411|librarian@aju.ac.zw